000 00824cab a22002415a 4500
001 L156907
008 120730e20122107xxk 000 0 eng d
035 _a(Sirsi) u156907
041 0 _aeng
100 1 _aThame, David
245 0 0 _aFocus
_bBeds, Herts and Essex
260 _c2012
490 _aEstates Gazette
_v(1229) 21 July 2012, 49-62(11)
520 _aIncludes information about regeneration in Basildon and the prospects for Bedford now it has been nominated as a Portas Pilot Town and securing a £51 000 grant. Also some further information on regional agents in the Northern M25 Home Counties.
590 _aKA
651 4 _aBedfordshire
651 4 _aHertfordshire
651 4 _aEssex
690 _aCommercial property
_96227
700 1 _aSimmons, Mark
700 1 _aMorrison, Adrian
942 _n0
999 _c84198
_d84198